Η αμφισβήτηση των εξετάσεων και βαθμών στο σχολείο : επιχειρήματα και αντεπιχειρήματα

Αποθηκεύτηκε σε:
Λεπτομέρειες βιβλιογραφικής εγγραφής
Άλλοι συγγραφείς: Χιωτάκης, Στέλιος (Επιμελητής έκδοσης)
Μορφή: Βιβλίο
Γλώσσα:Greek
Δημοσίευση: Αθήνα : Γρηγόρη, 1993
Θέματα:
Ετικέτες: Προσθήκη ετικέτας
Δεν υπάρχουν, Καταχωρήστε ετικέτα πρώτοι!

MARC

LEADER 00000nam a2200000 i 4500
001 1/76309
008 970211s1993 gre d
020 |a 960-333-072-8 
035 |a 1995  |b 1  |c Δωρεά  |l 10032367 
040 |a GR-MY-UA  |b gre  |e aacr 
041 0 |a gre 
082 0 |a 372.1102 
245 1 2 |a Η αμφισβήτηση των εξετάσεων και βαθμών στο σχολείο :  |b επιχειρήματα και αντεπιχειρήματα /  |c επιμέλεια Στέλιος Χιωτάκης 
260 |a Αθήνα :   |b Γρηγόρη,   |c 1993 
300 |a 370 σ. 
650 0 0 |a Education, Elementary  |x Curricula. 
700 1 |a Χιωτάκης, Στέλιος.  |4 edt 
852 |a INST  |b RHODES  |e 19970211  |h 372.1102 ΑΜΦ  |p 005400007381  |q 005400007381  |t BK  |y 0 
852 |a INST  |b RHODES  |e 19970211  |h 372.1102 ΑΜΦ  |p 005400007382  |q 005400007382  |t BK  |y 0 
852 |a INST  |b RHODES  |e 19970211  |h 372.1102 ΑΜΦ  |p 005400007383  |q 005400007383  |t BK  |y 0 
852 |a INST  |b RHODES  |e 19970211  |h 372.1102 ΑΜΦ  |p 005400007384  |q 005400007384  |t BK  |y 0 
852 |a INST  |b RHODES  |e 19970211  |h 372.1102 ΑΜΦ  |p 005400007385  |q 005400007385  |t BK  |y 0 
909 |a Ρ  |b 028360  |c 1995 
909 |a Ρ  |b 028361  |c 1995 
909 |a Ρ  |b 028362  |c 1995 
909 |a Ρ  |b 028363  |c 1995 
909 |a Ρ  |b 028364  |c 1995 
970 |z 2000/06/ΟΙΚΟΝΟΜΟΠΟΥΛΟΥ (SUBJECT)